Značky a psychologie

Schematická definícia značky. Kvalitatívna a psychologická analýza značky. Značka v očiach spotrebiteľov - vysoká kvalita, vysoké ceny. Faktory ovplyvňujúce "cenové vedomie" spotrebiteľa a rozhodovanie o kúpe. Analýza značky pre jej úspešný rozvoj. Zisťovanie pôsobnosti značky na ľudskú psychiku.

Uložené v:
Podrobná bibliografia
Hlavný autor: Vysekalová, Jitka
Médium: Kapitola
Jazyk:Czech
Predmet:
Tagy: Pridať tag
Žiadne tagy, Buďte prvý, kto otaguje tento záznam!

MARC

LEADER 00000naa a2200000 4500
001 r033951
005 20230522101844.6
041 0 |a cze 
044 |a CZ 
245 1 0 |a Značky a psychologie  |c Jitka Vysekalová 
520 |a Schematická definícia značky. Kvalitatívna a psychologická analýza značky. Značka v očiach spotrebiteľov - vysoká kvalita, vysoké ceny. Faktory ovplyvňujúce "cenové vedomie" spotrebiteľa a rozhodovanie o kúpe. Analýza značky pre jej úspešný rozvoj. Zisťovanie pôsobnosti značky na ľudskú psychiku. 
610 2 0 |a značky výrobné 
610 2 0 |a spotrebitelia 
610 2 0 |a správanie spotrebiteľa 
610 2 0 |a psychológia 
610 2 0 |a psychológia predaja 
610 2 0 |a výrobky značkové 
610 2 0 |a imidž 
610 2 0 |a výskum trhu 
610 2 0 |a ceny 
610 2 0 |a kvalita výrobkov 
100 1 |a Vysekalová, Jitka